000 00543nam a2200181Ia 4500
005 20260429112244.0
008 260429s9999||||xx |||||||||||||| ||und||
020 _a817740981
041 _aHindi
082 _a371.9
_bJHA
100 _aझा, मदन मोहन
245 0 _aसमवैसी शिक्षा /
_cमदन मोहन झा
250 _a2nd ed.
260 _aदिल्ली :
_bप्रकाशन संस्थान,
_c2005.
300 _a210 p.; Hb
650 _aSpecial Education
942 _cTB
999 _c53147
_d53147